[Event "AUT-ch U18"]
[Site "St Veit"]
[Date "2021.10.27"]
[Round "5.6"]
[White "Wendl, Paul"]
[Black "Loreth, Thomas"]
[Result "1/2-1/2"]
[WhiteElo "1639"]
[BlackElo "1521"]
[PlyCount "67"]
[EventDate "2021.10.25"]
[EventType "swiss"]
[EventRounds "7"]
[EventCountry "AUT"]
[SourceTitle "EXT 2023"]
[Source "ChessBase"]
[SourceDate "2022.10.05"]
[SourceVersion "1"]
[SourceVersionDate "2022.10.05"]
[SourceQuality "1"]

1. e4 d5 2. exd5 Nf6 3. Nc3 Nxd5 4. Nxd5 Qxd5 5. d4 Nc6 6. Be3 Bf5 7. c3 e6 8. Nf3 0-0-0 9. Be2 f6 10. h4 e5 11. dxe5 Qxd1+ 12. Rxd1 Rxd1+ 13. Kxd1 Nxe5 14. Nxe5 fxe5 15. Kc1 b6 16. Rd1 Be7 17. g3 Be6 18. b3 Rd8 19. Ba6+ Kb8 20. Rxd8+ Bxd8 21. Bd3 h6 22. Be4 c5 23. c4 g5 24. hxg5 Bxg5 25. Bxg5 hxg5 26. Kd2 Kc7 27. Ke3 Kd6 28. Bg6 Ke7 29. Ke4 Kf6 30. Bh7 Bd7 31. f3 Be6 32. g4 Bf7 33. Ke3 Be6 34. Be4 1/2-1/2

[Event "AUT-ch U18"]
[Site "St Veit"]
[Date "2021.10.25"]
[Round "1.6"]
[White "Wendl, Paul"]
[Black "Hechl, Fabian"]
[Result "1/2-1/2"]
[WhiteElo "1639"]
[BlackElo "2113"]
[PlyCount "87"]
[EventDate "2021.10.25"]
[EventType "swiss"]
[EventRounds "7"]
[EventCountry "AUT"]
[SourceTitle "EXT 2023"]
[Source "ChessBase"]
[SourceDate "2022.10.05"]
[SourceVersion "1"]
[SourceVersionDate "2022.10.05"]
[SourceQuality "1"]

1. e4 e5 2. Nf3 d6 3. Bc4 Be7 4. d3 Nf6 5. c3 0-0 6. 0-0 Nc6 7. Re1 Na5 8. Bb5 a6 9. Ba4 b5 10. Bc2 c5 11. Nbd2 Qc7 12. Nf1 Nc6 13. Ng3 d5 14. Nf5 Bxf5 15. exf5 h6 16. a3 Rfe8 17. b4 d4 18. cxd4 Nxd4 19. Nxd4 exd4 20. bxc5 Qxc5 21. Bb2 Rad8 22. Bb3 Qxf5 23. Qd2 Ng4 24. h3 Ne5 25. Re4 Bf6 26. Rae1 Rf8 27. Qe2 Nc6 28. Qg4 Qxg4 29. Rxg4 Ne5 30. Rg3 Rfe8 31. Kf1 Bh4 32. Rxe5 Rxe5 33. Rg4 Rde8 34. g3 Re1+ 35. Kg2 Bf6 36. Bxd4 Bxd4 37. Rxd4 Rb1 38. Rb4 Ra1 39. Rf4 Re7 40. a4 Ra3 41. Rb4 bxa4 42. Bxa4 Rxd3 43. Rb8+ Kh7 44. Bc2 1/2-1/2

[Event "Styrian op U14/18 27th"]
[Site "Mureck"]
[Date "2021.08.11"]
[Round "8"]
[White "Schramml, Fabian"]
[Black "Wendl, Paul"]
[Result "1/2-1/2"]
[WhiteElo "1588"]
[BlackElo "1578"]
[PlyCount "36"]
[EventDate "2021.08.04"]
[EventType "swiss"]
[EventRounds "9"]
[EventCountry "AUT"]
[SourceTitle "EXT 2022"]
[Source "ChessBase"]
[SourceDate "2021.10.06"]
[SourceVersion "1"]
[SourceVersionDate "2021.10.06"]
[SourceQuality "1"]

1. e4 e5 2. Nf3 Nc6 3. Bb5 a6 4. Bxc6 dxc6 5. 0-0 Bg4 6. Nc3 Bd6 7. d3 Ne7 8. Be3 Qd7 9. Re1 h6 10. h3 Be6 11. Ne2 0-0-0 12. Ng3 g5 13. c4 c5 14. Qc2 Ng6 15. Qd1 Ne7 16. Qc2 Ng6 17. Qd1 Ne7 18. Qc2 Ng6 1/2-1/2

[Event "Styrian op U14/18 27th"]
[Site "Mureck"]
[Date "2021.08.08"]
[Round "5"]
[White "Wendl, Paul"]
[Black "Drevensek, Doroteja"]
[Result "0-1"]
[WhiteElo "1578"]
[BlackElo "1521"]
[PlyCount "102"]
[EventDate "2021.08.04"]
[EventType "swiss"]
[EventRounds "9"]
[EventCountry "AUT"]
[SourceTitle "EXT 2022"]
[Source "ChessBase"]
[SourceDate "2021.10.06"]
[SourceVersion "1"]
[SourceVersionDate "2021.10.06"]
[SourceQuality "1"]

1. e4 e5 2. Nf3 d6 3. d4 Nd7 4. Nc3 Ngf6 5. Bc4 Be7 6. 0-0 c6 7. Re1 b5 8. Bb3 a6 9. dxe5 dxe5 10. a3 0-0 11. h3 Qc7 12. Qe2 Nc5 13. Ba2 Be6 14. Bg5 Bxa2 15. Nxa2 Rad8 16. Bxf6 Bxf6 17. Rad1 Ne6 18. Nb4 a5 19. Nd3 Nd4 20. Nxd4 Rxd4 21. b3 Rfd8 22. c3 R4d6 23. b4 a4 24. Nc5 Be7 25. g3 Rxd1 26. Rxd1 Rxd1+ 27. Qxd1 Bxc5 28. bxc5 Qe7 29. c4 Qxc5 30. cxb5 cxb5 31. Qd8+ Qf8 32. Qd3 Qb8 33. Kf1 g6 34. Ke1 b4 35. axb4 Qxb4+ 36. Kd1 Qd4 37. Kc2 Qxf2+ 38. Kb1 Qe1+ 39. Ka2 Qb4 40. g4 Kg7 41. Qd5 Qb3+ 42. Qxb3 axb3+ 43. Kxb3 f5 44. exf5 gxf5 45. Kc4 fxg4 46. hxg4 Kf6 47. Kd5 Kg5 48. Kxe5 Kxg4 49. Ke4 h5 50. Ke3 Kg3 51. Ke2 Kg2 0-1

[Event "Styrian op U14/18 27th"]
[Site "Mureck"]
[Date "2021.08.06"]
[Round "3"]
[White "Wendl, Paul"]
[Black "Yi, Danny"]
[Result "0-1"]
[WhiteElo "1578"]
[BlackElo "2173"]
[PlyCount "38"]
[EventDate "2021.08.04"]
[EventType "swiss"]
[EventRounds "9"]
[EventCountry "AUT"]
[SourceTitle "EXT 2022"]
[Source "ChessBase"]
[SourceDate "2021.10.06"]
[SourceVersion "1"]
[SourceVersionDate "2021.10.06"]
[SourceQuality "1"]

1. e4 c5 2. Nf3 Nc6 3. d4 cxd4 4. Nxd4 Nf6 5. Nc3 e5 6. Ndb5 d6 7. Bg5 a6 8. Na3 b5 9. Nd5 Be7 10. Bxf6 Bxf6 11. c3 Bg5 12. Be2 Rb8 13. Nc2 0-0 14. 0-0 g6 15. Qd3 Kh8 16. Rad1 f5 17. f3 Be6 18. Ndb4 Bc4 19. Nxc6 Qb6+ 0-1

[Event "Styrian op U14/18 26th"]
[Site "Mureck"]
[Date "2019.08.05"]
[Round "6"]
[White "Bitkova, Jelizaveta"]
[Black "Wendl, Paul"]
[Result "1/2-1/2"]
[WhiteElo "1565"]
[BlackElo "1540"]
[PlyCount "60"]
[EventDate "2019.07.31"]
[EventType "swiss"]
[EventRounds "9"]
[EventCountry "AUT"]
[SourceTitle "EXT 2020"]
[Source "ChessBase"]
[SourceDate "2019.10.17"]
[SourceVersion "1"]
[SourceVersionDate "2019.10.17"]
[SourceQuality "1"]

1. c4 Nf6 2. Nc3 g6 3. Nf3 Bg7 4. e4 d6 5. d3 0-0 6. Be2 c5 7. 0-0 Nc6 8. a3 Bg4 9. h3 Bxf3 10. Bxf3 a6 11. Rb1 Qc7 12. Be3 Rfb8 13. b4 b6 14. Re1 Nd7 15. Nd5 Qd8 16. Qd2 cxb4 17. Nxb4 Nxb4 18. axb4 e5 19. g4 b5 20. Rec1 Rc8 21. Bg2 Rc7 22. Rc2 Rb7 23. Ra2 Nb6 24. cxb5 axb5 25. Bxb6 Rxa2 26. Qxa2 Qxb6 27. Qd5 Rb8 28. Rc1 Qd4 29. Qxd4 exd4 30. Bf1 g5 1/2-1/2

[Event "Styrian op U14/18 25th"]
[Site "Mureck"]
[Date "2018.08.04"]
[Round "4"]
[White "Herzog, Alexander Martin"]
[Black "Wendl, Paul"]
[Result "0-1"]
[WhiteElo "1164"]
[BlackElo "1377"]
[PlyCount "74"]
[EventDate "2018.08.01"]
[EventType "swiss"]
[EventRounds "9"]
[EventCountry "AUT"]
[SourceTitle "CBM 186 Extra"]
[Source "ChessBase"]
[SourceDate "2018.08.24"]
[SourceVersion "1"]
[SourceVersionDate "2018.08.24"]
[SourceQuality "1"]

1. d4 d5 2. c4 dxc4 3. a4 Nf6 4. Nc3 Bf5 5. e3 Nc6 6. Bxc4 e5 7. Qb3 Na5 8. Bxf7+ Ke7 9. Qb5 Nc6 10. dxe5 Ne8 11. e6 Bxe6 12. Bxe6 Kxe6 13. Qc4+ Kd7 14. Nf3 Nd6 15. Qg4+ Ke8 16. Nd5 Qd7 17. Qg3 Rc8 18. 0-0 Ne4 19. Qh3 Qxh3 20. gxh3 Nf6 21. Nxf6+ gxf6 22. Rd1 Rg8+ 23. Kf1 Bd6 24. b3 Ne5 25. Nxe5 Bxe5 26. Rb1 Bxh2 27. Bb2 Ke7 28. Rd2 Rg1+ 29. Ke2 Rxb1 30. f4 Rg8 31. Kf3 Bg1 32. e4 Rf1+ 33. Ke2 Rf2+ 34. Ke1 Rxd2 35. Kxd2 Rg2+ 36. Kc1 Be3+ 37. Kb1 Bxf4 0-1

[Event "Styrian op U14/16 23rd"]
[Site "Mureck"]
[Date "2016.08.04"]
[Round "2"]
[White "Wendl, Paul"]
[Black "Bauer, David Lukas"]
[Result "1-0"]
[WhiteElo "1136"]
[BlackElo "837"]
[PlyCount "51"]
[EventDate "2016.08.03"]
[EventType "swiss"]
[EventRounds "9"]
[EventCountry "AUT"]
[SourceTitle "CBM 174 Extra"]
[Source "ChessBase"]
[SourceDate "2016.10.10"]
[SourceVersion "1"]
[SourceVersionDate "2016.10.10"]
[SourceQuality "1"]

1. e4 e5 2. Nf3 Nc6 3. Bc4 Nf6 4. Ng5 h6 5. Nxf7 Qe7 6. Nxh8 Nxe4 7. Ng6 Qc5 8. Qe2 Nd4 9. Qxe4 Nxc2+ 10. Qxc2 d5 11. b4 Qd6 12. b5 dxc4 13. Ba3 Qd4 14. Qc3 Qe4+ 15. Qe3 Qxg2 16. Qxe5+ Kd8 17. Be7+ Kd7 18. Qf5+ Ke8 19. Qxf8+ Kd7 20. Qd8+ Ke6 21. Nf4+ Kf5 22. Nxg2 Be6 23. Ne3+ Ke4 24. Nc3+ Kf3 25. Qd4 Rd8 26. Qe4# 1-0